| 000 | 00776nam a22002417a 4500 | ||
|---|---|---|---|
| 001 | 3477 | ||
| 003 | FISKH | ||
| 005 | 20240312100735.0 | ||
| 008 | 240312b cb ||||| |||| 00| 0 eng d | ||
| 040 |
_aFISK _beng _cFISK _dFISK |
||
| 050 | _aBJ1661.T37 | ||
| 082 | _a248.83 | ||
| 100 |
_aB. Youngs Bettie / _d1948- |
||
| 245 |
_aTaste berries for teens / _cBettie B. Youngs |
||
| 260 |
_aNew York : _bScholastic, _c2000 |
||
| 300 |
_a144 pages : _c22 cm |
||
| 505 | _aU | ||
| 520 | _aA collection of inspirational stories and poems for and by teenagers, discussing self-worth, friendship, love, attitudes, life goals, making a difference, and coping with stress. | ||
| 521 | 8 |
_a970 _bLexile |
|
| 700 | _aBettie B. Youngs | ||
| 942 |
_2ddc _cBK _n0 |
||
| 999 |
_c3477 _d3477 |
||